| 000 | 01493nam0a2200385 4500 | ||
|---|---|---|---|
| 001 | RU\NLR\bibl\368430 | ||
| 005 | 20260607065720.0 | ||
| 010 |
_a5-8112-0144-3 _93000 |
||
| 021 |
_aRU _b2002-61531 _92985 |
||
| 035 | _a(NLR Aleph) 000362989 | ||
| 090 |
_a347502 _c347502 |
||
| 100 | _a20030211d2003 |||y0rusy50 ca | ||
| 101 | 0 | _arus | |
| 102 | _aRU | ||
| 105 | _ay ||||||||| | ||
| 200 | 1 |
_aEspanol en vivo _eУчеб. соврем. исп. яз. _fГеоргий Нуждин, Кармен Марин Эстремера, Палома Мартин Лора-Тамайо |
|
| 210 |
_aМ. _cАйрис-пресс _d2003 |
||
| 215 |
_a455 с. _d25 |
||
| 225 | 1 | _aВысшее образование | |
| 300 | _aИсп., рус. | ||
| 606 | 0 |
_aИспанский язык _jУчебные издания _91211111 _3RU\NLR\auth\66491709 |
|
| 610 | 0 | _aИспанский язык | |
| 675 |
_a811.134.2(075.8) _v3 _zrus |
||
| 686 |
_a16.41 _2rugasnti |
||
| 686 |
_a81.2Исп-923 _2rubbk |
||
| 686 | _aШ147.21-93рус32 | ||
| 700 | 1 |
_aНуждин _bГ. А. _gГеоргий Александрович _4070 |
|
| 701 | 1 |
_4070 _7ca _8rus _aМарин Эстремера _bК. _gКармен _9123868 _3RU\NLR\auth\7714194 |
|
| 701 | 1 |
_4070 _7ca _8rus _aМартин Лора-Тамайо _bП. _gПалома _9123869 _3RU\NLR\auth\7714195 |
|
| 801 | 0 |
_aRU _bRKP _c20030211 _gPSBO |
|
| 801 | 1 |
_aRU _bRKP _c20030211 |
|
| 801 | 2 |
_aRU _bNLR _c20030319 _grcr |
|
| 942 | _cBOOK | ||
| 980 | _aNB | ||